000 00461nam a2200181Ia 4500
003 GCL
008 140319s9999 xx 000 0 eng d
040 _aGCL /
_cGCL
082 0 4 _a843
_bB A
100 1 _aBASTIDE, FRANCOIS REGIS
245 1 0 _aLES ADIEUX /
_cBASTIDE, FRANCOIS REGIS
260 _a[S.N] :
_bGALLIMARD ،
_c1956
300 _a309 P
490 _aCOLLECTION FOLIO
_v0
650 0 4 _aLITERATURE
650 0 4 _aFRENCH LITERATURE
942 _2ddc
_cBK
999 _c23334
_d23334